[Event "GER-chT Betriebe 16th"]
[Site "Dresden"]
[Date "2016.11.05"]
[Round "4.1"]
[White "Warnest, Stefan"]
[Black "Mielke, Sven"]
[Result "0-1"]
[WhiteElo "1467"]
[BlackElo "2115"]
[PlyCount "36"]
[EventDate "2016.11.03"]
[EventType "team-swiss"]
[EventRounds "7"]
[EventCountry "GER"]
[SourceTitle "EXT 2020"]
[Source "ChessBase"]
[SourceDate "2019.10.17"]
[SourceVersion "1"]
[SourceVersionDate "2019.10.17"]
[SourceQuality "1"]
[WhiteTeam "Berlin Tempelhof III"]
[BlackTeam "Berlin Osram II"]
[WhiteTeamCountry "GER"]
[BlackTeamCountry "GER"]

1. e4 c5 2. Nf3 d6 3. d4 cxd4 4. Nxd4 Nf6 5. Nc3 a6 6. Bg5 e6 7. f4 Be7 8. Qd2 Qc7 9. 0-0-0 0-0 10. Bxf6 Bxf6 11. g4 b5 12. g5 Be7 13. Bg2 Bb7 14. f5 e5 15. Nb3 Rc8 16. Nd5 Bxd5 17. exd5 Bxg5 18. Qxg5 Qxc2# 0-1

[Event "GER-chT Betriebe 16th"]
[Site "Dresden"]
[Date "2016.11.04"]
[Round "3.1"]
[White "Mielke, Sven"]
[Black "Blum, Norbert"]
[Result "0-1"]
[WhiteElo "2115"]
[BlackElo "1986"]
[PlyCount "29"]
[EventDate "2016.11.03"]
[EventType "team-swiss"]
[EventRounds "7"]
[EventCountry "GER"]
[SourceTitle "EXT 2020"]
[Source "ChessBase"]
[SourceDate "2019.10.17"]
[SourceVersion "1"]
[SourceVersionDate "2019.10.17"]
[SourceQuality "1"]
[WhiteTeam "Berlin Osram II"]
[BlackTeam "Stuttgart Sparkassen-Vers"]
[WhiteTeamCountry "GER"]
[BlackTeamCountry "GER"]

1. e4 e6 2. d4 d5 3. Nc3 dxe4 4. Nxe4 Nd7 5. Nf3 Ngf6 6. Nxf6+ Nxf6 7. c3 c5 8. Ne5 cxd4 9. Bb5+ Nd7 10. Qf3 f6 11. Qh5+ Ke7 12. Qf7+ Kd6 13. Nc4+ Kc7 14. Qxe6 Ne5 15. Qf7+ 0-1

[Event "Mecklenburg VP VL 1415"]
[Site "Mecklenburg VP"]
[Date "2014.11.23"]
[Round "3.5"]
[White "Mielke, Sven"]
[Black "Ehlers, Michael2"]
[Result "0-1"]
[WhiteElo "1815"]
[BlackElo "1878"]
[PlyCount "52"]
[EventDate "2014.09.21"]
[EventType "team-tourn"]
[EventRounds "9"]
[EventCountry "GER"]
[SourceTitle "EXT 2022"]
[Source "ChessBase"]
[SourceDate "2021.10.06"]
[SourceVersion "1"]
[SourceVersionDate "2021.10.06"]
[SourceQuality "1"]
[WhiteTeam "Gryps SV"]
[BlackTeam "Torgelow Droegeheide"]
[WhiteTeamCountry "GER"]
[BlackTeamCountry "GER"]

1. e4 c5 2. Nf3 e6 3. d4 cxd4 4. Nxd4 Nf6 5. Nc3 Bb4 6. f3 Nc6 7. Be3 0-0 8. Be2 e5 9. Nxc6 bxc6 10. 0-0 d5 11. exd5 cxd5 12. Na4 Qc7 13. Kh1 d4 14. Bg1 Rd8 15. Bd3 Bd7 16. a3 Be7 17. c4 dxc3 18. Nxc3 Bf5 19. Ne4 Nxe4 20. fxe4 Bxe4 21. Bxe4 Rxd1 22. Raxd1 Rd8 23. Bd5 Bf6 24. g4 h6 25. h4 Rxd5 26. Rxd5 Qc4 0-1

[Event "Mecklenburg VP LL2 Ost 1314"]
[Site "Mecklenburg VP"]
[Date "2014.03.16"]
[Round "7.7"]
[White "Zibell, Walter"]
[Black "Mielke, Sven"]
[Result "1-0"]
[WhiteElo "1782"]
[BlackElo "1812"]
[PlyCount "55"]
[EventDate "2013.10.27"]
[EventType "team-tourn"]
[EventRounds "9"]
[EventCountry "GER"]
[SourceTitle "EXT 2022"]
[Source "ChessBase"]
[SourceDate "2021.10.06"]
[SourceVersion "1"]
[SourceVersionDate "2021.10.06"]
[SourceQuality "1"]
[WhiteTeam "Neubrandenburg SG Eintracht"]
[BlackTeam "Gryps SV"]
[WhiteTeamCountry "GER"]
[BlackTeamCountry "GER"]

1. d4 d5 2. c4 e6 3. Nc3 Nf6 4. Nf3 Nbd7 5. Bg5 c6 6. e3 Be7 7. Bd3 0-0 8. 0-0 Re8 9. cxd5 exd5 10. Qc2 Nf8 11. Ne5 Nh5 12. Bxe7 Qxe7 13. Qe2 g6 14. Rae1 f6 15. Nf3 Bg4 16. h3 Bxf3 17. Qxf3 f5 18. g4 fxg4 19. hxg4 Qg5 20. Kh2 Nf6 21. Rg1 Qh4+ 22. Qh3 Qxf2+ 23. Kh1 Ne4 24. Nxe4 dxe4 25. Bc4+ Kg7 26. Rgf1 Qd2 27. Rf7+ Kh8 28. Qf1 1-0

[Event "Mecklenburg VP LL2 Ost 1314"]
[Site "Mecklenburg VP"]
[Date "2013.11.10"]
[Round "2.7"]
[White "Mielke, Sven"]
[Black "Reimer, Karl"]
[Result "1-0"]
[WhiteElo "1812"]
[BlackElo "1619"]
[PlyCount "62"]
[EventDate "2013.10.27"]
[EventType "team-tourn"]
[EventRounds "9"]
[EventCountry "GER"]
[SourceTitle "EXT 2022"]
[Source "ChessBase"]
[SourceDate "2021.10.06"]
[SourceVersion "1"]
[SourceVersionDate "2021.10.06"]
[SourceQuality "1"]
[WhiteTeam "Gryps SV"]
[BlackTeam "Wolgast Motor"]
[WhiteTeamCountry "GER"]
[BlackTeamCountry "GER"]

1. e4 c5 2. f4 Nc6 3. c3 d5 4. e5 Bf5 5. d3 Qd7 6. Nf3 e6 7. Be2 Nge7 8. Nh4 h6 9. Be3 d4 10. Bf2 Nd5 11. Nxf5 exf5 12. g3 Be7 13. c4 Nc7 14. 0-0 0-0 15. Bf3 a6 16. g4 Kh8 17. Bg3 b5 18. Nd2 fxg4 19. Bxg4 Qe8 20. Ne4 f5 21. exf6 gxf6 22. f5 Qd7 23. Qd2 Kg7 24. Bf4 Rh8 25. Bh5 Rag8 26. Kh1 Kh7 27. Bg6+ Rxg6 28. fxg6+ Kg7 29. Ng3 Ne6 30. Bxh6+ Rxh6 31. Nf5+ Kxg6 1-0

[Event "Mecklenburg VP VL 1011"]
[Site "Mecklenburg VP"]
[Date "2011.04.10"]
[Round "9.3"]
[White "Hamann, Dirk"]
[Black "Mielke, Sven"]
[Result "1/2-1/2"]
[WhiteElo "1908"]
[BlackElo "1832"]
[PlyCount "91"]
[EventDate "2010.10.10"]
[EventType "team-tourn"]
[EventRounds "9"]
[EventCountry "GER"]
[SourceTitle "EXT 2022"]
[Source "ChessBase"]
[SourceDate "2021.10.06"]
[SourceVersion "1"]
[SourceVersionDate "2021.10.06"]
[SourceQuality "1"]
[WhiteTeam "Warnemuende SF Ostsee"]
[BlackTeam "Gryps SV"]
[WhiteTeamCountry "GER"]
[BlackTeamCountry "GER"]

1. e4 c5 2. Nf3 d6 3. d4 cxd4 4. Nxd4 Nf6 5. Nc3 a6 6. Be2 e6 7. 0-0 Be7 8. Kh1 0-0 9. f4 Qc7 10. Be3 b5 11. a3 Bb7 12. Bf3 Nbd7 13. Nb3 Rfd8 14. Qe1 Rac8 15. Qf2 Bc6 16. g4 Nc5 17. Nxc5 dxc5 18. g5 Nd7 19. Ne2 Bd6 20. Rg1 Qb7 21. Qg2 Kh8 22. Ng3 f5 23. gxf6 Nxf6 24. Rgf1 Bf8 25. Rad1 Qa8 26. h3 h5 27. Rxd8 Rxd8 28. e5 Bxf3 29. Rxf3 Rd1+ 30. Kh2 h4 31. exf6 hxg3+ 32. Qxg3 Qe4 33. fxg7+ Bxg7 34. c3 b4 35. axb4 cxb4 36. cxb4 Bxb2 37. Qh4+ Kg8 38. Rg3+ Bg7 39. Rxg7+ Kxg7 40. Qg4+ Kf7 41. Qh5+ Kf6 42. Qxd1 Qxe3 43. Qa1+ Kf7 44. Kg2 Qe2+ 45. Kg3 Qe3+ 46. Kg2 1/2-1/2

[Event "Mecklenburg VP VL 1011"]
[Site "Mecklenburg VP"]
[Date "2010.12.12"]
[Round "4.3"]
[White "Lehmann, Ruben"]
[Black "Mielke, Sven"]
[Result "1-0"]
[WhiteElo "1942"]
[BlackElo "1832"]
[PlyCount "91"]
[EventDate "2010.10.10"]
[EventType "team-tourn"]
[EventRounds "9"]
[EventCountry "GER"]
[SourceTitle "EXT 2022"]
[Source "ChessBase"]
[SourceDate "2021.10.06"]
[SourceVersion "1"]
[SourceVersionDate "2021.10.06"]
[SourceQuality "1"]
[WhiteTeam "Torgelow Droegeheide"]
[BlackTeam "Gryps SV"]
[WhiteTeamCountry "GER"]
[BlackTeamCountry "GER"]

1. d4 d5 2. c4 e6 3. Nc3 Nf6 4. Bg5 Nbd7 5. cxd5 exd5 6. e3 c6 7. Bd3 Be7 8. Nge2 Nh5 9. Bxe7 Qxe7 10. Qc2 g6 11. Rc1 Nb6 12. 0-0 0-0 13. Na4 Nxa4 14. Qxa4 Bg4 15. b4 a6 16. Qb3 Bxe2 17. Bxe2 Nf4 18. Bf3 Ne6 19. a4 Ng5 20. Be2 Ne4 21. Rfe1 Rfe8 22. b5 axb5 23. axb5 Ra3 24. Qb2 cxb5 25. Qxb5 Nc3 26. Qb2 Nxe2+ 27. Rxe2 Rea8 28. Rec2 Qe4 29. Rc8+ Kg7 30. Rxa8 Rxa8 31. Qxb7 Ra4 32. h3 Qf5 33. Qc8 Qxc8 34. Rxc8 Ra1+ 35. Kh2 Kf6 36. g4 Ra6 37. Kg3 Rd6 38. Rc7 h6 39. h4 Ke6 40. Kf4 Kf6 41. g5+ hxg5+ 42. hxg5+ Ke6 43. Rc8 Kd7 44. Ra8 Re6 45. Ra7+ Ke8 46. Ra5 1-0

[Event "Mecklenburg VP VL 1011"]
[Site "Mecklenburg VP"]
[Date "2010.10.10"]
[Round "1.3"]
[White "Mielke, Sven"]
[Black "Schwahn, Christian"]
[Result "1-0"]
[WhiteElo "1832"]
[BlackElo "1999"]
[PlyCount "87"]
[EventDate "2010.10.10"]
[EventType "team-tourn"]
[EventRounds "9"]
[EventCountry "GER"]
[SourceTitle "EXT 2022"]
[Source "ChessBase"]
[SourceDate "2021.10.06"]
[SourceVersion "1"]
[SourceVersionDate "2021.10.06"]
[SourceQuality "1"]
[WhiteTeam "Gryps SV"]
[BlackTeam "Greifswald II"]
[WhiteTeamCountry "GER"]
[BlackTeamCountry "GER"]

1. e4 c5 2. Nc3 d6 3. f4 Nc6 4. Nf3 g6 5. g3 Bg7 6. d3 e6 7. Be3 Nge7 8. Bg2 0-0 9. 0-0 b6 10. Rb1 Ba6 11. Ne2 d5 12. e5 c4 13. d4 b5 14. a3 b4 15. axb4 Nxb4 16. Nc3 Qd7 17. Rf2 Bb5 18. b3 Rfb8 19. Nxb5 Qxb5 20. bxc4 Qxc4 21. Bf1 Qc7 22. g4 a5 23. Ne1 a4 24. Nd3 Nxd3 25. Bxd3 Rxb1 26. Qxb1 a3 27. f5 Bxe5 28. fxe6 fxe6 29. dxe5 Nc6 30. Qa1 a2 31. Rf1 Qxe5 32. Qxe5 Nxe5 33. Bd4 Nxd3 34. cxd3 Ra4 35. Be5 d4 36. Ra1 Ra3 37. Kf2 Rxd3 38. Rxa2 Rd1 39. Ra8+ Kf7 40. Ra7+ Ke8 41. Rxh7 d3 42. Bg3 e5 43. Ke3 e4 44. Kxe4 1-0

[Event "Berlin Hellersdorf Winter 5th"]
[Site "Berlin"]
[Date "2008.02.03"]
[Round "4.12"]
[White "Mielke, Sven"]
[Black "Jaeger, Marco"]
[Result "1-0"]
[WhiteElo "2081"]
[BlackElo "1867"]
[PlyCount "59"]
[EventDate "2008.02.01"]
[EventType "swiss"]
[EventRounds "5"]
[EventCountry "GER"]
[SourceTitle "EXT 2022"]
[Source "ChessBase"]
[SourceDate "2021.10.06"]
[SourceVersion "1"]
[SourceVersionDate "2021.10.06"]
[SourceQuality "1"]

1. e4 c5 2. Nf3 d6 3. d4 cxd4 4. Nxd4 Nf6 5. Nc3 g6 6. Bc4 Bg7 7. f3 0-0 8. Be3 Nc6 9. g4 Bd7 10. Bb3 Qa5 11. Qd2 Rfc8 12. 0-0-0 Ne5 13. Kb1 Nc4 14. Bxc4 Rxc4 15. Nd5 Qd8 16. Nxf6+ Bxf6 17. h4 Rac8 18. Rc1 Qb6 19. Nb3 Qb5 20. g5 Bg7 21. h5 b6 22. hxg6 hxg6 23. Bd4 Bxd4 24. Nxd4 Qe5 25. c3 Kg7 26. Rce1 e6 27. f4 Qa5 28. Qh2 Kf8 29. Qh8+ Ke7 30. Qf6+ 1-0

[Event "Berlin Hellersdorf Winter 5th"]
[Site "Berlin"]
[Date "2008.02.02"]
[Round "3.7"]
[White "Idaczek, Guenter"]
[Black "Mielke, Sven"]
[Result "1-0"]
[WhiteElo "1874"]
[BlackElo "2081"]
[PlyCount "71"]
[EventDate "2008.02.01"]
[EventType "swiss"]
[EventRounds "5"]
[EventCountry "GER"]
[SourceTitle "EXT 2022"]
[Source "ChessBase"]
[SourceDate "2021.10.06"]
[SourceVersion "1"]
[SourceVersionDate "2021.10.06"]
[SourceQuality "1"]

1. e4 c5 2. Nf3 d6 3. d3 Nc6 4. Nbd2 Nf6 5. g3 e5 6. Bg2 Be7 7. 0-0 h6 8. a4 Be6 9. c3 Qd7 10. Re1 Bh3 11. Bh1 Nh7 12. Nc4 0-0 13. Ne3 Ng5 14. Nxg5 Bxg5 15. Nd5 Bxc1 16. Rxc1 f5 17. f4 exf4 18. Nxf4 Bg4 19. Qb3+ c4 20. Qxc4+ Kh7 21. d4 fxe4 22. Bxe4+ Bf5 23. Qd3 g6 24. Bxf5 Rxf5 25. Nxg6 Kg7 26. Nh4 Rf6 27. Rf1 Raf8 28. Rxf6 Rxf6 29. Rf1 Rxf1+ 30. Kxf1 Ne7 31. Qe4 d5 32. Qe5+ Kh7 33. Qf6 Ng8 34. Qg6+ Kh8 35. Nf5 Qh7 36. Qe6 1-0

[Event "Berlin Lichtenrade op 03rd"]
[Site "Berlin"]
[Date "2007.04.09"]
[Round "3"]
[White "Koerlin, Hans Juergen"]
[Black "Mielke, Sven"]
[Result "1/2-1/2"]
[WhiteElo "1806"]
[BlackElo "2090"]
[PlyCount "37"]
[EventDate "2007.04.07"]
[EventType "swiss"]
[EventRounds "9"]
[EventCountry "GER"]
[SourceTitle "EXT 2008"]
[Source "ChessBase"]
[SourceDate "2007.11.25"]
[SourceVersion "1"]
[SourceVersionDate "2007.11.25"]
[SourceQuality "1"]

1. e4 c5 2. Nf3 d6 3. c3 Nf6 4. Bc4 e6 5. Qe2 Nc6 6. Bb3 d5 7. d3 c4 8. dxc4 dxe4 9. Ng5 Qd3 10. Bc2 Qxe2+ 11. Kxe2 Ne5 12. Nd2 h6 13. Ngxe4 Nxe4 14. Bxe4 f5 15. Bc2 Bd7 16. f4 Ng4 17. h3 Nf6 18. Nf3 Bc6 19. Rd1 1/2-1/2

[Event "Berlin op 05"]
[Site "Berlin"]
[Date "2006.05.25"]
[Round "2"]
[White "Mielke, Sven"]
[Black "Kuckel, Andreas"]
[Result "1-0"]
[WhiteElo "1897"]
[BlackElo "1819"]
[PlyCount "69"]
[EventDate "2006.05.24"]
[EventType "swiss"]
[EventRounds "7"]
[EventCountry "GER"]
[SourceTitle "EXT 2007"]
[Source "ChessBase"]
[SourceDate "2006.11.23"]
[SourceVersion "1"]
[SourceVersionDate "2006.11.23"]
[SourceQuality "1"]

1. e4 e6 2. f4 c5 3. d3 Nc6 4. c3 d5 5. e5 Bd7 6. Nf3 Nh6 7. Be2 Be7 8. 0-0 f6 9. exf6 Bxf6 10. Na3 0-0 11. Nc2 Qc7 12. Kh1 a6 13. d4 cxd4 14. Ncxd4 Nf7 15. Bd3 e5 16. fxe5 Ncxe5 17. Bf4 Qb6 18. Nxe5 Bxe5 19. Bxe5 Nxe5 20. Bxh7+ Kxh7 21. Qh5+ Qh6 22. Qxe5 Bc6 23. Rad1 Rae8 24. Qg3 Qd2 25. Nf5 Rxf5 26. Qh3+ Kg8 27. Qxf5 Qxb2 28. Qf7+ Kh7 29. Rd3 Re3 30. Rxe3 Qxg2+ 31. Kxg2 d4+ 32. Ref3 dxc3 33. Kg1 Bxf3 34. Rxf3 Kh6 35. Rh3+ 1-0

[Event "Berlin op 05"]
[Site "Berlin"]
[Date "2006.05.25"]
[Round "3"]
[White "Prudlo, Simon"]
[Black "Mielke, Sven"]
[Result "1/2-1/2"]
[WhiteElo "2238"]
[BlackElo "1897"]
[PlyCount "49"]
[EventDate "2006.05.24"]
[EventType "swiss"]
[EventRounds "7"]
[EventCountry "GER"]
[SourceTitle "EXT 2007"]
[Source "ChessBase"]
[SourceDate "2006.11.23"]
[SourceVersion "1"]
[SourceVersionDate "2006.11.23"]
[SourceQuality "1"]

1. e4 c5 2. Nc3 Nc6 3. Nge2 g6 4. d4 cxd4 5. Nxd4 Bg7 6. Nde2 e6 7. Nb5 d5 8. exd5 a6 9. Nbc3 exd5 10. Nxd5 Nge7 11. Nef4 0-0 12. Be2 Nd4 13. Nxe7+ Qxe7 14. c3 Nxe2 15. Qxe2 Qc5 16. 0-0 Bd7 17. Be3 Qf5 18. Rfd1 Bc6 19. Rd2 Rfe8 20. h3 Re4 21. Rad1 Rxf4 22. Rd8+ Rxd8 23. Rxd8+ Bf8 24. Bxf4 Qxf4 25. Qe7 1/2-1/2

[Event "Berlin op 04"]
[Site "Berlin"]
[Date "2006.04.16"]
[Round "2"]
[White "Mielke, Sven"]
[Black "Mueller, Klaus2"]
[Result "0-1"]
[WhiteElo "1934"]
[BlackElo "1722"]
[PlyCount "115"]
[EventDate "2006.04.14"]
[EventType "swiss"]
[EventRounds "9"]
[EventCountry "GER"]
[SourceTitle "EXT 2007"]
[Source "ChessBase"]
[SourceDate "2006.11.23"]
[SourceVersion "1"]
[SourceVersionDate "2006.11.23"]
[SourceQuality "1"]

1. e4 c5 2. Nf3 Nc6 3. d4 cxd4 4. Nxd4 e5 5. Nb5 d6 6. c4 Nf6 7. Bd3 Be7 8. 0-0 0-0 9. b3 a6 10. N5c3 Bg4 11. f3 Qb6+ 12. Kh1 Bh5 13. Na3 Rac8 14. Nc2 Qa5 15. Bd2 Qc7 16. Ne3 Bd8 17. Rc1 Nd4 18. Ne2 Qb6 19. Bb1 Nxe2 20. Qxe2 Bg6 21. Rfd1 Be7 22. g3 Rc7 23. Kg2 Rfc8 24. h4 h5 25. Kh2 Rd7 26. Rg1 Qd8 27. Nd1 b6 28. Nc3 Rdc7 29. Be3 Rc6 30. Qf2 Qc7 31. Nd5 Qb7 32. Nxb6 Rf8 33. Na4 Nd7 34. Nc3 f5 35. Nd5 Bd8 36. Bg5 Bxg5 37. hxg5 Nc5 38. Qd2 fxe4 39. Ne7+ Qxe7 40. Qd5+ Kh7 41. Qxc6 exf3 42. Bxg6+ Kxg6 43. b4 Qd7 44. Qxd7 Nxd7 45. Rcd1 Kxg5 46. Rxd6 Nf6 47. Rf1 e4 48. Re6 Rd8 49. Re5+ Kg6 50. Kh3 Rd2 51. Rh1 Ng4 52. Rd5 Nf2+ 53. Kh2 Rxd5 54. cxd5 Nxh1 55. Kxh1 Kf6 56. a4 Ke5 57. b5 axb5 58. a5 0-1

[Event "Oberliga Nord O 0506"]
[Site "Germany"]
[Date "2005.11.13"]
[Round "2.5"]
[White "Roth, Josef"]
[Black "Mielke, Sven"]
[Result "1/2-1/2"]
[WhiteElo "2138"]
[BlackElo "2144"]
[PlyCount "40"]
[EventDate "2005.10.23"]
[EventType "team-tourn"]
[EventRounds "9"]
[EventCountry "GER"]
[SourceTitle "EXT 2007"]
[Source "ChessBase"]
[SourceDate "2006.11.23"]
[SourceVersion "1"]
[SourceVersionDate "2006.11.23"]
[SourceQuality "1"]
[WhiteTeam "Koenig Tegel II"]
[BlackTeam "Berlin Empor"]
[WhiteTeamCountry "GER"]
[BlackTeamCountry "GER"]

1. e4 e5 2. Nf3 Nc6 3. Bb5 a6 4. Bxc6 dxc6 5. d4 exd4 6. Qxd4 Qxd4 7. Nxd4 c5 8. Nf3 f6 9. Bf4 Bd6 10. Bxd6 cxd6 11. Nc3 Be6 12. 0-0-0 0-0-0 13. Ne1 Ne7 14. Nd3 Bf7 15. Nf4 Rhe8 16. Rhe1 b5 17. a3 Ng6 18. Nfd5 Ne5 19. h3 Nc4 20. Ne3 Nxe3 1/2-1/2

[Event "Oberliga Nord O 0405"]
[Site "Germany"]
[Date "2005.02.13"]
[Round "7.7"]
[White "Wlodarczyk, Oskar"]
[Black "Mielke, Sven"]
[Result "1-0"]
[WhiteElo "2200"]
[BlackElo "2115"]
[PlyCount "65"]
[EventDate "2004.10.24"]
[EventType "team-tourn"]
[EventRounds "9"]
[EventCountry "GER"]
[SourceTitle "EXT 2006"]
[Source "ChessBase"]
[SourceDate "2005.11.24"]
[SourceVersion "1"]
[SourceVersionDate "2005.11.24"]
[SourceQuality "1"]
[WhiteTeam "Ruedersdorf"]
[BlackTeam "Berlin Empor"]
[WhiteTeamCountry "GER"]
[BlackTeamCountry "GER"]

1. e4 c5 2. Nf3 e6 3. c3 Nf6 4. e5 Nd5 5. d4 cxd4 6. cxd4 d6 7. Bd3 Be7 8. exd6 Bxd6 9. 0-0 Nd7 10. Nc3 Nxc3 11. bxc3 Qc7 12. c4 Nf6 13. Bg5 h6 14. Bxf6 gxf6 15. Rb1 b6 16. Be4 Rb8 17. Qe2 Kf8 18. Rfc1 f5 19. Bd3 Bb7 20. c5 bxc5 21. dxc5 Bf4 22. Rc4 Bc6 23. Rxb8+ Qxb8 24. g3 Rg8 25. Kf1 Bc7 26. Nd4 Bd5 27. Rc1 f4 28. Rb1 Qa8 29. Qh5 Be4 30. Qxh6+ Ke8 31. Bb5+ Ke7 32. Rd1 fxg3 33. Nf5+ 1-0

[Event "Oberliga Nord O 0405"]
[Site "Germany"]
[Date "2004.11.28"]
[Round "3.7"]
[White "Piersig, Hans Juergen"]
[Black "Mielke, Sven"]
[Result "0-1"]
[WhiteElo "2183"]
[BlackElo "2115"]
[PlyCount "74"]
[EventDate "2004.10.24"]
[EventType "team-tourn"]
[EventRounds "9"]
[EventCountry "GER"]
[SourceTitle "EXT 2006"]
[Source "ChessBase"]
[SourceDate "2005.11.24"]
[SourceVersion "1"]
[SourceVersionDate "2005.11.24"]
[SourceQuality "1"]
[WhiteTeam "Potsdam Empor"]
[BlackTeam "Berlin Empor"]
[WhiteTeamCountry "GER"]
[BlackTeamCountry "GER"]

1. e4 c5 2. Nf3 e6 3. d4 cxd4 4. Nxd4 Nc6 5. Nc3 d6 6. Be3 Nf6 7. Bc4 Be7 8. Qe2 a6 9. Bb3 Na5 10. g4 Nxb3 11. axb3 h5 12. gxh5 e5 13. Nf5 Bxf5 14. exf5 d5 15. 0-0-0 d4 16. Bg5 Qa5 17. Nb1 Rc8 18. Rhe1 Qc7 19. f4 Nd5 20. Bxe7 Nxf4 21. Qc4 Qxc4 22. bxc4 Kxe7 23. Rxe5+ Kf6 24. Re4 Kxf5 25. Nd2 Rxh5 26. Rf1 g5 27. Rxd4 Rxh2 28. Rd7 f6 29. Rxb7 g4 30. c5 Rxc5 31. Rb4 Kg5 32. Rbxf4 f5 33. R4f2 Rxf2 34. Rxf2 g3 35. Rg2 Kg4 36. Kd1 f4 37. Rg1 f3 0-1

[Event "Berlin SF Neukoelln op 3rd"]
[Site "Berlin"]
[Date "2004.03.05"]
[Round "5"]
[White "Mielke, Sven"]
[Black "Gross, Martin"]
[Result "0-1"]
[WhiteElo "1968"]
[BlackElo "1737"]
[PlyCount "50"]
[EventDate "2004.02.07"]
[EventType "swiss"]
[EventRounds "7"]
[EventCountry "GER"]
[SourceTitle "EXT 2022"]
[Source "ChessBase"]
[SourceDate "2021.10.06"]
[SourceVersion "1"]
[SourceVersionDate "2021.10.06"]
[SourceQuality "1"]

1. e4 d6 2. d4 Nf6 3. Bd3 g6 4. f4 Bg7 5. Nf3 0-0 6. 0-0 Nc6 7. c3 Bg4 8. Qe1 Bxf3 9. Rxf3 e5 10. d5 Ne7 11. fxe5 dxe5 12. Na3 c6 13. c4 Kh8 14. b4 b5 15. Bg5 bxc4 16. Bxc4 cxd5 17. Rxf6 dxc4 18. Rd1 Qc8 19. Qf1 c3 20. Rc1 a5 21. b5 Qc5+ 22. Kh1 Qxa3 23. Rxf7 Rxf7 24. Qxf7 Rf8 25. Qxe7 Qxc1+ 0-1